Every Place In Milwaukee County, WI - Statistics

General Stats
  • This quiz has been taken 7 times
  • The average score is 13 of 21
Answer Stats
Letter Population Answer % Correct
M 556,718 Milwaukee
100%
W 49,024 Wauwatosa
86%
W 59,546 West Allis
86%
F 36,810 Franklin
71%
G 14,267 Greendale
71%
G 36,979 Greenfield
71%
O 39,222 Oak Creek
71%
S 13,365 Shorewood
71%
S 19,963 South Milwaukee
71%
W 14,332 Whitefish Bay
71%
C 17,465 Cudahy
57%
F 6,426 Fox Point
57%
G 14,873 Glendale
57%
H 7,792 Hales Corners
57%
R 1,514 River Hills
57%
S 8,852 St. Francis
57%
W 3,940 West Milwaukee
57%
B 4,279 Bayside
43%
B 12,534 Brown Deer
43%
M 28,398 Mount Pleasant
0%
Y 3,247 Yorkville
0%
No matching quizzes found
Score Distribution
Percent of People with Each Score
Percentile by Number Answered
Your Score History
You have not taken this quiz